000 00316nam a22001337a 4500
008 180131b xxu||||| |||| 00| 0 eng d
020 _a9780881336566
041 _aeng
080 _a574
100 _a9
101 _amje
245 _arural community in the appalchian south
_cpatricia.d..b
942 _2udc
_cBK
999 _c41345
_d41345